| 000 | 00661nam a22002417a 4500 | ||
|---|---|---|---|
| 003 | OSt | ||
| 005 | 20140310182958.0 | ||
| 008 | 130208t xxu||||| |||| 00| 0 eng d | ||
| 020 | _a9789712719301 | ||
| 020 | _a9789712719285 | ||
| 050 |
_aHB 615 _b.In598 2008 |
||
| 245 |
_aIntroduction to entrepreneurship : _cAssociation of Filipino Franchisers _bsuccess stories of Filipino entrepreneurs / |
||
| 260 |
_aManila : _bAnvil, _c2008. |
||
| 300 |
_axii, 184 p. : _c23 cm. _bill. ; |
||
| 521 | _aBSBA | ||
| 562 | _e1 | ||
| 650 | _aBSBA FIL. | ||
| 650 | _aEntrepreneur. | ||
| 942 |
_2lcc _cBK _kLOC |
||
| 999 |
_c18040 _d18040 |
||